zpět

Detail výsledku týmu

Chicago Bar & Grill ÚT, Liberec

Datum a čas kvízu

35.5 Celkem bodů Celkový počet nahraných bodů na tomto kvízu bez doplňovacích otázek.
4. Pořadí na kvízu Konečné umístění týmu na tomto kvízu.

Zaznamenané odpovědi

# Otázka Odpověď Body Výsledky
1. V mnohých domácnostech na Chom... Zásilkovna 1
2. Který člen britské královské r... princ George, 11. narozeniny 0.5
3. Česká televize odtajnila někte... Václav Neužil 1
4. Ve kterém českém krajském měst... v Plzni 0
5. Který tenista, jenž byl 41 týd... Andy Murray 0
6. Napište italský název tohoto t... radiatori 0
7. Zelené části brambor by se nem... solanin 0
8. Nyní se zaměříme naopak na lát... pohanka 0
9. Zobrazený tenký měkký chléb je... lavaš 0
10. Pod kterým jednoslovným názvem... quinoa 0